|
|
|
|
| LEADER |
01110naa a2200229 i 4500 |
| 001 |
acta72902 |
| 005 |
20230322150655.0 |
| 008 |
210630s2017 hu o 1|| hun d |
| 020 |
|
|
|a 978-615-5372-78-0
|
| 040 |
|
|
|a SZTE Egyetemi Kiadványok Repozitórium
|b hun
|
| 041 |
|
|
|a hun
|
| 245 |
0 |
0 |
|a V. Kárpát-medencei fiatal magyar történészek tábora
|h [elektronikus dokumentum] :
|b absztraktkötet
|
| 260 |
|
|
|a Belvedere Meridionale
|b Szeged, Magyarország
|c 2017
|
| 300 |
|
|
|a 65
|
| 490 |
0 |
|
|a Kárpát-medencei fiatal magyar történészek tábora : absztraktkötet
|v 5
|
| 561 |
|
|
|a Belvedere Meridionale kötetek
|
| 650 |
|
4 |
|a Bölcsészettudományok
|
| 650 |
|
4 |
|a Történettudomány és régészet
|
| 695 |
|
|
|a Magyarország története - előadáskivonatok, Hadtörténet - Magyarország - 20. sz. - előadáskivonatok
|
| 700 |
0 |
1 |
|a Kiss Gábor Ferenc
|
| 711 |
|
|
|a Kárpát-medencei fiatal magyar történészek tábora
|c Ópusztaszer, Magyarország
|d 2017. augusztus 31. - szeptember 3.
|
| 856 |
4 |
0 |
|u http://acta.bibl.u-szeged.hu/72902/1/05_karpat_medencei_fiatal_magyar_torteneszek_tabora.pdf
|z Dokumentum-elérés
|